00727nam a2200193 a 450000100100000000500170001000800410002702000150006804000250008308200130010810000290012124501090015026000390025930000340029850000410033250400320037395201110040599900170051600004299420201002040546.0140217s2001 nyua 000 0 spa d a0812932870 aDO-SdBNPbspacBNPHU axxxbxxx1 aCooper, Robert K.97050710aThe other 90% :bhow to unlock your vast untapped potential for leadership and life /cRobert K. Cooper. aNew York :bCrown Business,c2001. axvii, 316 p. :bil. ;c21 cm. aIncluye datos del autor : p. 315-316 aBibliografía : p. 279-314 001050718MOaGRbGRcCTd2014-02-17iLF1l0oxxx xxxp42994-10r2020-06-25w2020-06-25y1ZNo se presta c42483d42483